Beznadziejnie narysowane kształty państw świata - Statystyki

Ogólne statystyki
  • Ten quiz został rozwiązany 524 razy
  • Średni wynik to 14 z 28
Statystyki odpowiedzi
Obrazkowy Odpowiedź % Poprawnych
Islandia
93%
Stany Zjednoczone
89%
Cypr
83%
Nowa Zelandia
80%
Maroko
75%
Senegal
73%
Kuba
72%
Algieria
68%
Madagaskar
66%
Serbia
64%
Dania
62%
Jemen
62%
Bangladesz
57%
Tajwan
56%
Haiti
53%
Monako
52%
Zambia
49%
Panama
45%
Malezja
42%
Wyspy Salomona
38%
Timor Wschodni
31%
Katar
28%
Trynidad i Tobago
20%
Lesotho
19%
Burundi
17%
Samoa
13%
Palestyna
11%
Mauritius
6%
Nie znaleziono quizów pasujących do podanych kryteriów
Rozkład punktacji
Procent ludzi z każdym wynikiem
Percentyl według liczby udzielonych odpowiedzi
Twoja historia wyników
Nie rozwiązałeś tego quizu